Mort Subite - Albums de Bande Dessinée Astérix - Statistiques

Statistiques générales
  • Ce quiz a été pris 461 fois
  • Le résultat moyen est 9 sur 18
Answers on the Grid
Answers color-coded by a green-red scale on the quiz's grid according to % correct below.
Astérix le Gaulois
Astérix aux Jeux Olympiques
Astérix en Hispanie
Astérix en Corse
Astérix chez les Pictes
Le Devin
Astérix et les Goths
Astérix et Cléopâtre
Astérix chez Rahàzade
Astérix gladiateur
Astérix et les Normands
Astérix chez les Bretons
Obélix et Compagnie
Le Tour de Gaule d'Astérix
Le ciel lui tombe sur la tête
Astérix légionnaire
Astérix chez les Belges
La Serpe d'or
Astérix et Obélix : Au Service de sa Majesté
Astérix & Obélix : L'Empire du Milieu
Astérix et les Indiens
Astérix et Obélix : le retour d'Idéfix
Astérix en Méditerranée
Astérix et Obélix contre César
Astérix dans les Pyrénées
Astérix contre Obélix
Ils sont fous ces Romains
Le Grand Banquet
 
Statistiques - réponses
Réponse % Correct
Astérix le Gaulois
60%
La Serpe d'or
60%
Astérix aux Jeux Olympiques
59%
Astérix chez les Bretons
59%
Astérix et Cléopâtre
59%
Le Tour de Gaule d'Astérix
55%
Astérix en Corse
53%
Astérix et les Normands
52%
Astérix en Hispanie
51%
Le Devin
51%
Astérix légionnaire
50%
Astérix chez les Belges
49%
Astérix chez les Pictes
48%
Astérix gladiateur
47%
Astérix chez Rahàzade
46%
Obélix et Compagnie
44%
Astérix et les Goths
43%
Le ciel lui tombe sur la tête
37%
Aucun quiz correspondant
Distribution des résultats
% des personnes avec chaque résultat
Percentile par nombre de réponses
Votre historique - résultats
Vous n’avez pas pris ce quiz